The Moon is not The Son (Record no. 11423)

MARC details
000 -LEADER
fixed length control field 00556nam a2200229 a 4500
001 - CONTROL NUMBER
control field 0001-1423
003 - CONTROL NUMBER IDENTIFIER
control field ELIB.Books
008 - FIXED-LENGTH DATA ELEMENTS--GENERAL INFORMATION
fixed length control field 160823 2010 eng
020 ## - INTERNATIONAL STANDARD BOOK NUMBER
International Standard Book Number 0871233800
035 ## - SYSTEM CONTROL NUMBER
System control number (ELIB.Books)0001-1578
092 ## - LOCALLY ASSIGNED DEWEY CALL NUMBER (OCLC)
Classification number 230
Item number Bjo
100 ## - MAIN ENTRY--PERSONAL NAME
Personal name Bjornstad, James
245 ## - TITLE STATEMENT
Title The Moon is not The Son
260 ## - PUBLICATION, DISTRIBUTION, ETC. (IMPRINT)
Place of publication, distribution, etc. Minneapolis
Name of publisher, distributor, etc. Dimension Books
Date of publication, distribution, etc. 1976
300 ## - PHYSICAL DESCRIPTION
Extent 125
Dimensions 17.5Cm
650 ## - SUBJECT ADDED ENTRY--TOPICAL TERM
Topical term or geographic name as entry element Theology
856 ## - ELECTRONIC LOCATION AND ACCESS
Name of location of host KBTS Library
Uniform Resource Identifier <a href="KBTS: ELIB">KBTS: ELIB</a>
942 ## - ADDED ENTRY ELEMENTS (KOHA)
Source of classification or shelving scheme Dewey Decimal Classification
Koha item type Books
990 ## - EQUIVALENCES OR CROSS-REFERENCES [LOCAL, CANADA]
Link information for 9XX fields 1
998 ## - LOCAL CONTROL INFORMATION (RLIN)
Cataloger's initials, CIN (RLIN) bat
-- 2016-08-23
Holdings
Withdrawn status Lost status Source of classification or shelving scheme Damaged status Not for loan Home library Current library Date acquired Total Checkouts Barcode Date last seen Bill Date Koha item type
    Dewey Decimal Classification     Karen Baptist Theological Seminary Library Karen Baptist Theological Seminary Library 23/08/2016   15985 22/01/2022 22/01/2022 Books
Implemented & Customized by: BestBookBuddies

Powered by Koha